<?xml version="1.0" encoding="UTF-8"?>
<record
    xmlns:xsi="http://www.w3.org/2001/XMLSchema-instance"
    xsi:schemaLocation="http://www.loc.gov/MARC21/slim http://www.loc.gov/standards/marcxml/schema/MARC21slim.xsd"
    xmlns="http://www.loc.gov/MARC21/slim">

  <leader>01860nam a2200325 a 4500</leader>
  <controlfield tag="001">000043750</controlfield>
  <controlfield tag="003">DO-SdBNP</controlfield>
  <controlfield tag="005">20240319114520.0</controlfield>
  <controlfield tag="007">ta</controlfield>
  <controlfield tag="008">140422s2014    dr ad         000 0 spa d</controlfield>
  <datafield tag="020" ind1=" " ind2=" ">
    <subfield code="a">9789993450153</subfield>
  </datafield>
  <datafield tag="040" ind1=" " ind2=" ">
    <subfield code="a">DO-SdBNP</subfield>
    <subfield code="b">spa</subfield>
    <subfield code="c">BNPHU</subfield>
  </datafield>
  <datafield tag="082" ind1=" " ind2="4">
    <subfield code="b">B182p</subfield>
    <subfield code="2">22</subfield>
  </datafield>
  <datafield tag="245" ind1="1" ind2="0">
    <subfield code="a">Balance del plan decenal de educaci&#xF3;n 2008-2018 :</subfield>
    <subfield code="b">avances, desaf&#xED;os y perspectivas /</subfield>
    <subfield code="c">Dinorah de Lima Jim&#xE9;nez,...[et. al.]; Compiladora, Magda Pep&#xE9;n Peguero ; Edici&#xF3;n, Dar&#xED;o Tejeda.</subfield>
  </datafield>
  <datafield tag="260" ind1=" " ind2=" ">
    <subfield code="a">Santo Domingo :</subfield>
    <subfield code="b">FLACSO,</subfield>
    <subfield code="c">2014</subfield>
  </datafield>
  <datafield tag="300" ind1=" " ind2=" ">
    <subfield code="a">95 p. :</subfield>
    <subfield code="b">il., gr&#xE1;f. ;</subfield>
    <subfield code="c">25 cm.</subfield>
  </datafield>
  <datafield tag="500" ind1=" " ind2=" ">
    <subfield code="a">Bibliograf&#xED;a y notas al pi&#xE9; de p&#xE1;ginas</subfield>
  </datafield>
  <datafield tag="504" ind1=" " ind2=" ">
    <subfield code="a">Bibliograf&#xED;a : p. 93-95</subfield>
  </datafield>
  <datafield tag="505" ind1="0" ind2=" ">
    <subfield code="a">Preliminares.</subfield>
    <subfield code="g">Presentaci&#xF3;n /</subfield>
    <subfield code="r">Manuel Zacar&#xED;as Mej&#xED;a G&#xF3;mez.--</subfield>
    <subfield code="g">Palabras de Magda Pep&#xE9;n Peguero.--</subfield>
    <subfield code="g">Palabras del Dr. C&#xE9;sar Cuello Nieto.--</subfield>
    <subfield code="g">Disertaciones.</subfield>
    <subfield code="t">Factores que influyen sobre los Planes Decenales /</subfield>
    <subfield code="r">Dinorah de Lima Jim&#xE9;nez.--</subfield>
    <subfield code="t">Avances en Implementaci&#xF3;n de la Pol&#xED;tica 3 del Plan Decenal de Educaci&#xF3;n 2008 - 2018. /</subfield>
    <subfield code="r">Rosa Vanderhorst.--</subfield>
    <subfield code="t">Balance del Plan Decenal de Educaci&#xF3;n 2008 - 2018. Pol&#xED;tica Educativa No. 4 (sistema de evaluaci&#xF3;n). /</subfield>
    <subfield code="r">Ancell Scheker Mendoza.--</subfield>
    <subfield code="t">Formaci&#xF3;n, permanencia y desarrollo profesional del personal docente en Rep&#xFA;blica Dominicana: Perspectiva, avances y desaf&#xED;os. Pol&#xED;tica 6 del Plan Decenal de Educaci&#xF3;n 2008 - 2018. /</subfield>
    <subfield code="r">Miguel &#xC1;ngel Moreno.</subfield>
  </datafield>
  <datafield tag="590" ind1=" " ind2=" ">
    <subfield code="a">Inventariado 2022 / MF</subfield>
  </datafield>
  <datafield tag="700" ind1="1" ind2=" ">
    <subfield code="a">Lima Jim&#xE9;nez, Dinorah de</subfield>
    <subfield code="9">57509</subfield>
  </datafield>
  <datafield tag="700" ind1="1" ind2=" ">
    <subfield code="a">Vanderhorst, Rosa</subfield>
    <subfield code="9">36833</subfield>
  </datafield>
  <datafield tag="700" ind1="1" ind2=" ">
    <subfield code="a">Sch&#xE9;ker Mendoza, Ancell</subfield>
    <subfield code="9">19030</subfield>
  </datafield>
  <datafield tag="700" ind1="1" ind2=" ">
    <subfield code="a">Moreno, Miguel &#xC1;ngel</subfield>
    <subfield code="9">78036</subfield>
  </datafield>
  <datafield tag="700" ind1="1" ind2=" ">
    <subfield code="a">Tejeda, Dar&#xED;o</subfield>
    <subfield code="e">ed.</subfield>
    <subfield code="9">2540</subfield>
  </datafield>
  <datafield tag="700" ind1="1" ind2=" ">
    <subfield code="a">Pep&#xE9;n Peguero, Magda</subfield>
    <subfield code="e">comp.</subfield>
    <subfield code="9">64268</subfield>
  </datafield>
  <datafield tag="710" ind1="2" ind2=" ">
    <subfield code="a">Facultad Latinoamericana de Ciencias Sociales (Rep&#xFA;blica Dominicana)</subfield>
    <subfield code="9">71583</subfield>
  </datafield>
  <datafield tag="910" ind1=" " ind2=" ">
    <subfield code="a">MFeliz</subfield>
  </datafield>
  <datafield tag="942" ind1=" " ind2=" ">
    <subfield code="2">ddc</subfield>
    <subfield code="c">LBS1</subfield>
  </datafield>
  <datafield tag="952" ind1=" " ind2=" ">
    <subfield code="0">0</subfield>
    <subfield code="1">0</subfield>
    <subfield code="2">ddc</subfield>
    <subfield code="5">1</subfield>
    <subfield code="7">0</subfield>
    <subfield code="8">PD</subfield>
    <subfield code="a">BNPHU</subfield>
    <subfield code="b">BNPHU</subfield>
    <subfield code="c">CT</subfield>
    <subfield code="d">2014-04-22</subfield>
    <subfield code="o">B182p</subfield>
    <subfield code="p">43750-10</subfield>
    <subfield code="r">2020-06-25</subfield>
    <subfield code="w">2020-06-25</subfield>
    <subfield code="y">LBS1</subfield>
  </datafield>
  <datafield tag="952" ind1=" " ind2=" ">
    <subfield code="0">0</subfield>
    <subfield code="1">0</subfield>
    <subfield code="2">ddc</subfield>
    <subfield code="5">1</subfield>
    <subfield code="7">0</subfield>
    <subfield code="8">PD</subfield>
    <subfield code="a">BNPHU</subfield>
    <subfield code="b">BNPHU</subfield>
    <subfield code="c">CT</subfield>
    <subfield code="d">2014-04-22</subfield>
    <subfield code="o">B182p</subfield>
    <subfield code="p">43750-20</subfield>
    <subfield code="r">2020-06-25</subfield>
    <subfield code="t">e. 2</subfield>
    <subfield code="w">2020-06-25</subfield>
    <subfield code="y">LBS1</subfield>
  </datafield>
  <datafield tag="952" ind1=" " ind2=" ">
    <subfield code="0">0</subfield>
    <subfield code="1">0</subfield>
    <subfield code="2">ddc</subfield>
    <subfield code="5">6</subfield>
    <subfield code="7">0</subfield>
    <subfield code="8">DS</subfield>
    <subfield code="a">BNPHU</subfield>
    <subfield code="b">BNPHU</subfield>
    <subfield code="c">CT</subfield>
    <subfield code="d">2022-04-20</subfield>
    <subfield code="e">Donado por FLACSO</subfield>
    <subfield code="l">0</subfield>
    <subfield code="o">B182p</subfield>
    <subfield code="p">2023-0168</subfield>
    <subfield code="r">2023-01-16</subfield>
    <subfield code="t">e.3</subfield>
    <subfield code="w">2023-01-16</subfield>
    <subfield code="y">LBS1</subfield>
  </datafield>
  <datafield tag="952" ind1=" " ind2=" ">
    <subfield code="0">0</subfield>
    <subfield code="1">0</subfield>
    <subfield code="2">ddc</subfield>
    <subfield code="5">6</subfield>
    <subfield code="7">0</subfield>
    <subfield code="8">DS</subfield>
    <subfield code="a">BNPHU</subfield>
    <subfield code="b">BNPHU</subfield>
    <subfield code="c">CT</subfield>
    <subfield code="d">2022-04-20</subfield>
    <subfield code="e">Donado por FLACSO</subfield>
    <subfield code="l">0</subfield>
    <subfield code="o">B182p</subfield>
    <subfield code="p">2023-0169</subfield>
    <subfield code="r">2023-01-16</subfield>
    <subfield code="t">e.4</subfield>
    <subfield code="w">2023-01-16</subfield>
    <subfield code="y">LBS1</subfield>
  </datafield>
  <datafield tag="952" ind1=" " ind2=" ">
    <subfield code="0">0</subfield>
    <subfield code="1">0</subfield>
    <subfield code="2">ddc</subfield>
    <subfield code="5">6</subfield>
    <subfield code="7">0</subfield>
    <subfield code="8">DS</subfield>
    <subfield code="a">BNPHU</subfield>
    <subfield code="b">BNPHU</subfield>
    <subfield code="c">CT</subfield>
    <subfield code="d">2022-04-20</subfield>
    <subfield code="e">Donado por FLACSO</subfield>
    <subfield code="l">0</subfield>
    <subfield code="o">B182p</subfield>
    <subfield code="p">2023-0170</subfield>
    <subfield code="r">2023-01-16</subfield>
    <subfield code="t">e.5</subfield>
    <subfield code="w">2023-01-16</subfield>
    <subfield code="y">LBS1</subfield>
  </datafield>
  <datafield tag="999" ind1=" " ind2=" ">
    <subfield code="c">43239</subfield>
    <subfield code="d">43239</subfield>
  </datafield>
</record>
